000 01171nab a2200361 4500
003 BR-BrBNA
005 20241107112651.0
008 241107b bl.||||| |||| 00| 0 por d
040 _aBR-BrBNA
_bpor
072 _aP06 ; P01
100 _aPaiva, Rachel Armani de
100 _aMissura, Lilian Cabral
245 _aSustentabilidade energética: o desafio da tecnologia verde
500 _a11 illus.
520 _aTECNOLOGIA VERDE
520 _aFONTE ALTERNATIVA DE ENERGIA
520 _aFONTE DE ENERGIA RENOVÁVEL
520 _aRECURSO ENERGÉTICO RENOVÁVEL
650 _aSUSTENTABILIDADE
650 _aRECURSO NATURAL
650 _aBIOCOMBUSTÍVEL
650 _aRECURSO ENERGÉTICO
650 _aENERGIA SOLAR
650 _aENERGIA EÓLICA
650 _aBIOMASSA
650 _aAGROENERGIA
650 _aBIODIGESTOR
650 _aBIOGÁS
650 _aPRESERVAÇÃO DA NATUREZA
773 0 _04115
_9345307
_dPiracicaba-SP Centro de Estudos Avançados em Economia Aplicada-CEPEA/USP/ESALQ 2002
_o2024-5827
_tHortifruti Brasil (Brazil)
_x1981-1837
_gv. 6(66) p. 6-13; (Mar 2008)
_wBR2024003124
942 _cANA
999 _c328483
_d328483